Statystyki dla Polski----English #2

Kliknij tutaj aby rozwiązać quiz!

Ogólne statystyki

  • Ten quiz został rozwiązany 81 razy
  • Średni wynik to 3 z 15

Statystyki odpowiedzi

HintOdpowiedź% Poprawnych
szerokiwide
74%
rzeczowniknoun
47%
utopić siędrown
44%
tom, głośność, obiętośćvolume
38%
źródłasources
32%
rewolucyjnyrevolutionary
26%
byłyformer
20%
oskarżenieaccusation
15%
pragnieniedesire
14%
postępadvance
3%
wystawić kogośbail on somebody
3%
hukpeal
3%
przymiotnikadiective
2%
najważniejsze jest tobottom line is
2%
ulecsuccumb
2%

Rozkład punktacji

Percentyl według liczby udzielonych odpowiedzi

Procent ludzi z każdym wynikiem

Twoja historia wyników

Nie rozwiązałeś tego quizu